Poesía no completa.

Wedi'i Gadw mewn:
Manylion Llyfryddiaeth
Prif Awdur: Szymborska, Wislawa 1923-2012 (autora)
Awduron Eraill: Poniatowska, Elena (texto introductorio), Beltrán, Gerardo (edición, traducción), Murcia, Abel A. (edición, traducción)
Fformat: Anhysbys
Iaith:Saesneg
Cyhoeddwyd: Ciudad de México, México: Fondo de Cultura Económica, 2008.
Rhifyn:Segunda edición, segunda reimpresión.
Cyfres:Colección Tezontle.
Pynciau:
Tagiau: Ychwanegu Tag
Dim Tagiau, Byddwch y cyntaf i dagio'r cofnod hwn!

MARC

LEADER 00000 a2200000 4500
003 CL-VaPUC
005 20230607091508.0
008 230530t2008 ||||| |||| 00| 0 eng d
999 |c 440772  |d 440770 
020 |a 978-968-16-8597-3 (rústica) 
040 |c Pontificia Universidad Católica de Valparaíso 
082 |2 22  |a 891.85 SZY 2008 
100 |9 589758  |a Szymborska, Wislawa  |d 1923-2012  |e autora 
245 |a Poesía no completa.  
250 |a Segunda edición, segunda reimpresión. 
260 |a Ciudad de México, México:  |b Fondo de Cultura Económica,   |c 2008. 
300 |a 412 páginas.  
490 |a Colección Tezontle.  
583 |k Catalogador Asistente  |c 20230530 
600 0 |9 589758  |a Szymborska, Wislawa  |d 1923-2012  |x Poemas   |y 1957-1993  |z Polonia, Alemania  
650 0 |9 481968  |a Poesías polacas   |y Siglo 20 
650 0 |9 265457  |a Literatura alemana   |x Poemas   |y Siglo 20 
700 |9 882691  |a Poniatowska, Elena  |e texto introductorio 
700 |9 882692  |a Beltrán, Gerardo   |e edición  |e traducción 
700 |9 882693  |a Murcia, Abel A.   |e edición  |e traducción 
942 |2 ddc  |c BK 
952 |0 0  |1 0  |2 ddc  |4 0  |6 891_850000000000000_SZY_2008  |7 0  |8 A  |9 590193  |a BIBART  |b BIBART  |c GEN  |d 2023-05-25  |e 181  |g 13900.00  |i 5657539  |l 1  |o 891.85 SZY 2008  |p 5657539  |r 2025-04-08  |s 2025-04-01  |t 1  |v 13900.00  |w 2023-05-25  |y BK  |k ART